| 000 | 00000nam 2200000za 4500 |
| 001 | 9.837837 |
| 003 | CaOODSP |
| 005 | 20230801131753 |
| 007 | cr ||||||||||| |
| 008 | 170606s2015 onc ob f000 0 fre d |
| 040 | |aCaOODSP|bfre |
| 043 | |an-cn--- |
| 086 | 1 |aPS83-3/371F-PDF |
| 245 | 00|aExamen des processus de la Maison de ressourcement Buffalo Sage |h[ressource électronique] / |cAmy J. M. Pilon... [et al.]. |
| 260 | |aOttawa : |bService correctionnel du Canada, |c2015. |
| 300 | |av, 96 p. : |btableaux. |
| 490 | 1 |aRapport de recherche ; |vR-371 |
| 500 | |aPublié aussi en anglais sous le titre : Buffalo Sage Wellness House (BSWH) process review. |
| 500 | |a« Mai 2015. » |
| 504 | |aComprend des réferences bibliographiques. |
| 520 | |aL'étude fournit une description du profil des délinquantes qui ont séjourné à la Maison de ressourcement Buffalo Sage et du modèle unique de gestion de cas utilisé dans cet établissement. |
| 692 | 07|2gccst|aDétenu |
| 692 | 07|2gccst|aFemme |
| 692 | 07|2gccst|aIntégration |
| 700 | 1 |aPilon, Amy J. M. |
| 710 | 2 |aService correctionnel Canada. |bDirection de la recherche. |
| 775 | 08|tBuffalo Sage Wellness House (BSWH) process review |w(CaOODSP)9.837834 |
| 830 | #0|aRapport de recherche (Service correctionnel Canada. Direction de la recherche)|vR-371|w(CaOODSP)9.502465 |
| 856 | 40|qPDF|s510 Ko|uhttps://publications.gc.ca/collections/collection_2017/scc-csc/PS83-3-371-fra.pdf |